000 00488nam a22001697a 4500
003 OSt
005 20240816155631.0
007 203 pages
008 240816b |||||||| |||| 00| 0 eng d
020 _a9789386473431
040 _c
082 _2Revised edition
_a342.54
_bKAS
245 _aConstitution of India
_bA handbook for students
_cKashyap,Subhash C
_hEnglish
250 _aRevised edition
260 _bVitasta publisher
_c2023
942 _2ddc
_cBK
_eRevised edition
_k342.54
_mKAS
_n0
999 _c36078
_d36078